000 00551nam a22001697a 4500
003 OSt
005 20260122110209.0
008 260122b |||||||| |||| 00| 0 eng d
040 _cMRSPTU
041 _aEnglish
100 _aKirandeep Kaur, Supervisor: Dr. Abhilasha Jain
245 _aEnergy Efficient Direction based Hybrid Routing Protocol Using GA and ACO Techniques
260 _bDepartment of CSE, MRSPTU, Bathinda
_c2017
650 _aComputer Science
856 _uhttp://163.47.215.52:8080/jspui/handle/123456789/212
942 _2ddc
_cTH
_n0
999 _c10721
_d10721